书目信息 |
| 题名: |
农业机械基础
|
|
| 作者: | ;湖北农业机械学院农业机械基础编写组 编 | |
| 分册: | 上册 | |
| 出版信息: | 北京 人民教育出版社 1977 |
|
| 页数: | 296页 | |
| 开本: | 20cm | |
| 丛书名: | ||
| 单 册: | ||
| 中图分类: | S22 | |
| 科图分类: | ||
| 主题词: | 农业机械--基础知识 | |
| 电子资源: | ||
| ISBN: | ||
| 000 | 00674nam0 2200217 45 | |
| 001 | 0177002518 | |
| 005 | 20060725081015.90 | |
| 010 | @dCNY0.72 | |
| 100 | @a19951017d1977 em y0chiy0121 ea | |
| 101 | 0 | @achi |
| 102 | @aCN@b110000 | |
| 105 | @ay z 000yy | |
| 200 | 10 | @a农业机械基础@Anong ye ji xie ji chu@h上册@f湖北农业机械学院《农业机械基础》编写组编 |
| 210 | @a北京@c人民教育出版社@d1977 | |
| 215 | @a296页@d20cm | |
| 606 | @a农业机械@x基础知识 | |
| 690 | @aS22@v3 | |
| 711 | 02 | @a湖北农业机械学院农业机械基础编写组@Ahu bei nong ye ji xie xue yuan nong ye ji xie ji chu bian xie zu@4编 |
| 801 | 2 | @aCN@bNLC@c20060725 |
| 801 | 0 | @aCN@bTSSF |
| 905 | @a10447@dS22@e1:1 | |
| 农业机械基础.上册/湖北农业机械学院《农业机械基础》编写组编.-北京:人民教育出版社,1977 |
| 296页;20cm |
| ISBN :CNY0.72 |
| ● |
| 相关链接 |
|
|
|
|
正题名:农业机械基础
索取号:S22/1:1
 
预约/预借
| 序号 | 登录号 | 条形码 | 馆藏地/架位号 | 状态 | 备注 |
| 1 | 0438302 | 204383023 | 密集书库/ [索取号:S22/1:1] | 在馆 | |
| 2 | 0438303 | 204383032 | 密集书库/ [索取号:S22/1:1] | 在馆 |